| 000 | 00465nam a2200133 4500 | ||
|---|---|---|---|
| 008 | 708 M672i | ||
| 082 |
_a708 _bM672i |
||
| 100 |
_aMiranda, Ibrahim _96439 |
||
| 245 | _aIslas urbanas | ||
| 260 |
_aLa Habana, Cuba _bGalería Habana _c2003 |
||
| 300 |
_a66 p. _bill (col) _c29.5 x 21 cm |
||
| 650 |
_xarte contemporáneo _xarte - exhibición _xarte - catálogo de exhibición _xarte - pintura _xCuba _96440 |
||
| 700 |
_aHernández, Orlando & Bruguera, Deborah (curaduría) _96441 |
||
| 999 |
_c1516 _d1516 |
||